<?xml version="1.0" encoding="UTF-8"?>
<record
    xmlns:xsi="http://www.w3.org/2001/XMLSchema-instance"
    xsi:schemaLocation="http://www.loc.gov/MARC21/slim http://www.loc.gov/standards/marcxml/schema/MARC21slim.xsd"
    xmlns="http://www.loc.gov/MARC21/slim">

  <leader>01872nam a22002057a 4500</leader>
  <controlfield tag="005">20220407090848.0</controlfield>
  <controlfield tag="008">220404b           ||||| |||| 00| 0 eng d</controlfield>
  <datafield tag="020" ind1=" " ind2=" ">
    <subfield code="a">9780857059475</subfield>
  </datafield>
  <datafield tag="040" ind1=" " ind2=" ">
    <subfield code="c">AL</subfield>
  </datafield>
  <datafield tag="041" ind1=" " ind2=" ">
    <subfield code="a">eng</subfield>
  </datafield>
  <datafield tag="082" ind1=" " ind2=" ">
    <subfield code="2">23</subfield>
    <subfield code="a">839.7374</subfield>
    <subfield code="b">MANR</subfield>
  </datafield>
  <datafield tag="100" ind1=" " ind2=" ">
    <subfield code="a">Henning Mankell</subfield>
    <subfield code="9">27419</subfield>
  </datafield>
  <datafield tag="245" ind1=" " ind2=" ">
    <subfield code="a">Rock Blaster</subfield>
    <subfield code="b">Translated  from the Swedish by George Goulding</subfield>
  </datafield>
  <datafield tag="260" ind1=" " ind2=" ">
    <subfield code="a">London</subfield>
    <subfield code="b">Maclehose Press Quercus</subfield>
    <subfield code="c">2020</subfield>
  </datafield>
  <datafield tag="300" ind1=" " ind2=" ">
    <subfield code="a">207p.</subfield>
    <subfield code="b">PB</subfield>
    <subfield code="c">20x13cm.</subfield>
  </datafield>
  <datafield tag="365" ind1=" " ind2=" ">
    <subfield code="2">General</subfield>
    <subfield code="a">6320</subfield>
    <subfield code="b">&#x20B9;467.22</subfield>
    <subfield code="c">&#x20B9;</subfield>
    <subfield code="d">&#x20B9;599.00</subfield>
    <subfield code="e">22%</subfield>
    <subfield code="f">08/03/2022</subfield>
  </datafield>
  <datafield tag="520" ind1=" " ind2=" ">
    <subfield code="a">An early gem from the creator of the Kurt Wallander series, charting the life of a principled man through tragedy, heartbreak, true love and the battle for a nation's soul."A very engaging portrait . . . There is a powerful lack of sentimentality to the telling of the story [and] a lovely and genuinely moving love story at the heart of the book." Liam Heylin, Irish Examiner.At 3 p.m. on a Saturday afternoon in 1911, Oskar Johansson is caught in a blast in an industrial accident. The local newspaper reports him dead, but they are mistaken.Because Oskar Johansson is a born survivor.Though crippled, Oskar finds the strength to go on living and working. The Rock Blaster charts his long professional life - his hopes and dreams, sorrows and joys. His relationship with the woman whose love saved him, with the labour movement that gave him a cause to believe in, and with his children, who do not share his idealsHenning Mankell's first published novel is steeped in the burning desire for social justice that informed his bestselling crime novels. Remarkably assured for a debut, it is written with scalpel-like precision, at once poetic and insightful in its depiction of a true working-class hero.Translated from the Swedish by George Goulding.</subfield>
  </datafield>
  <datafield tag="650" ind1=" " ind2=" ">
    <subfield code="2">Germanic literatures</subfield>
    <subfield code="a">Literature</subfield>
    <subfield code="9">28192</subfield>
  </datafield>
  <datafield tag="942" ind1=" " ind2=" ">
    <subfield code="2">ddc</subfield>
    <subfield code="c">BK</subfield>
  </datafield>
  <datafield tag="999" ind1=" " ind2=" ">
    <subfield code="c">222163</subfield>
    <subfield code="d">222163</subfield>
  </datafield>
  <datafield tag="952" ind1=" " ind2=" ">
    <subfield code="0">0</subfield>
    <subfield code="1">0</subfield>
    <subfield code="2">ddc</subfield>
    <subfield code="4">0</subfield>
    <subfield code="7">0</subfield>
    <subfield code="8">MAENG</subfield>
    <subfield code="a">SACPG</subfield>
    <subfield code="b">SACPG</subfield>
    <subfield code="d">2022-03-11</subfield>
    <subfield code="e">Biblios Book Point</subfield>
    <subfield code="g">467.22</subfield>
    <subfield code="l">1</subfield>
    <subfield code="o">839.7374 MANR</subfield>
    <subfield code="p">PG023835</subfield>
    <subfield code="r">2025-03-14 00:00:00</subfield>
    <subfield code="s">2025-03-13</subfield>
    <subfield code="v">599.00</subfield>
    <subfield code="w">2022-08-03</subfield>
    <subfield code="y">BK</subfield>
  </datafield>
</record>
